| 000 | 00636nam a2200217Ia 4500 | ||
|---|---|---|---|
| 003 | GCL | ||
| 008 | 140319s9999 xx 000 0 ara d | ||
| 040 |
_aGCL / _cGCL |
||
| 082 | 0 | 4 |
_a822.052 _bر ب |
| 100 | 1 | _aاحمد عبدالحميد يوسف | |
| 245 | 1 | 0 |
_aبرنيس / _cاحمد عبدالحميد يوسف |
| 700 | 1 | _aانور لوقا | |
| 700 | 1 | _aراسين | |
| 300 | _a108 ص | ||
| 490 | _a | ||
| 650 | 0 | 4 | _aالادب |
| 650 | 0 | 4 | _aالادب الانجليزى |
| 650 | 0 | 4 | _aالادب الانجليزى المترجم |
| 650 | 0 | 4 | _aالمسرحيات الانجليزية المترجمة |
| 942 |
_2ddc _cBK |
||
| 999 |
_c41120 _d41120 |
||